00543nam a2200205Ia 4500003000900000005001700009008004100026040002300067040001300090041000800103100004200111245005600153250001700209260002100226260003300247300001200280490001800292490000600310700002100316IT-RoPau20220918175640.0120407s9999 xx 000 0 und d aIT-RoPAUcIT-RoPau cIT-RoPAU aita aBarbaglio, Giuseppe-Dianich, Severino a"Nuovo dizionario di teologia Supplemento I (1982)" aAlba (Cuneo) aEdizioni Paoline c1983aAlbabEdizioni Paoline c19,5 cm aI dizionari,9 v1 aSeverino Dianich